000 00347nam a2200133Ia 4500
008 090711s9999 xx 000 0 und d
082 _b57100
245 _aज्ञाता पाथेय
260 _c1982
300 _a162
630 _aज्ञाता पाथेय
730 _aज्ञाता पाथेय
942 _cBOOK
999 _c287321
_d287321